| 000 | 00358nam a22001577a 4500 | ||
|---|---|---|---|
| 005 | 20250417131811.0 | ||
| 008 | 250417b |||||||| |||| 00| 0 eng d | ||
| 020 | _a9781408850251 | ||
| 040 |
_aSDCL _cSDCL |
||
| 041 |
_2eng _aeng |
||
| 084 | _aO-,3N65 Q3 | ||
| 100 | _aHosseini, Khaled | ||
| 245 | _aKite runner | ||
| 300 | _a343p | ||
| 942 |
_2CC _cGB _n0 |
||
| 999 |
_c1309110 _d1309110 |
||